| 000 | 01218nam a2200241Ia 4500 | ||
|---|---|---|---|
| 003 | Ost | ||
| 005 | 20260507075431.0 | ||
| 008 | 260507s9999||||xx |||||||||||||| ||und|| | ||
| 020 | _a977422463 | ||
| 040 | _cfsecg | ||
| 041 | _aara | ||
| 082 | _a350 | ||
| 100 |
_aعبد الرحيم، عاطف جابرطه _eمؤلف |
||
| 245 | 0 |
_aتنظيم وادارة البنوك : _bمنهج وصفي تحليلي / _c عاطف جابرطه عبد الرحيم |
|
| 260 |
_aالاسكندرية: _bالدار الجامعية, _c2007 |
||
| 300 |
_a330 صفحة؛ _bإيضاحات ؛ _c24 سم |
||
| 504 | _aببليوغرافيا: ص.323-324 | ||
| 520 | _aيضم مفهوم البنوك والنظام المصرفي، التطور التاريخي للنظام المصرفي المصري، أنواع وطبيعة نشاط البنوك، التنظيم الإداري للبنوك المصرية، إدارة الأصول في البنوك، الاستثمار، إدارة المخاطر في البنوك، إدارة الربحية والسيولة في البنوك المصرية، الائتمان | ||
| 653 | _aالإدارة | ||
| 653 | _aالاستثمار | ||
| 653 | _aالبنوك | ||
| 942 | _cكتاب | ||
| 999 |
_c44512 _d44512 |
||